Qui est sur cette photographie ? (1) - Statistiques

Statistiques générales
  • Ce quiz a été pris 153 fois
  • Le résultat moyen est 9 sur 20
Statistiques - réponses
Par images Hint Réponse % Correct
Réalisateur / Acteur Charlie {Chaplin}
100%
Philosophe / Economiste Karl {Marx}
86%
Peintre Claude {Monet}
78%
Ecrivain Alexandre {Dumas}
76%
Ecrivain Alexandre {Dumas} fils
76%
Peintre Auguste {Renoir}
66%
Poète Charles {Baudelaire}
64%
Actrice Marylin [Monroe}
64%
Actrice Audrey {Hepburn}
60%
Chanteur Charles {Trenet}
58%
Ecrivain / Politicien André {Malraux}
42%
Médecin Alexander {Fleming}
36%
Actrice Gina {Lollobrigida}
28%
Actrice Rita {Hayworth}
26%
Ecrivain Alfred de {Vigny}
25%
Compositeur Anton {Dvorak}
17%
Acteur Antonin {Artaud}
10%
Politicien anglais Benjamin {Disraéli}
8%
Danseuse Anna {Pavlova}
7%
Peintre Alfred {Sisley}
6%
Aucun quiz correspondant
Distribution des résultats
% des personnes avec chaque résultat
Percentile par nombre de réponses
Votre historique - résultats
Vous n’avez pas pris ce quiz